00333nam a22001217a 450000500170000001000130001702000230003003700130005310000210006624500510008726000450013830000280018320180824123638.0 aA-939445 a8120313364c425.00 aDPLbENG aJennings, Roger  aUsing window nt server 4 /cby Roger Jennings  aNew DelhibPrentice-Hall of India c1998 axxx, 1079p.c24 cm (Hb)